[Event "British Columbia - Alberta m"]
[Site "Salmon Arm CAN"]
[Date "2024.05.03"]
[Round "1.4"]
[White "Kaufman, Raymond"]
[Black "Ivanescu, Matthew"]
[Result "1-0"]
[WhiteElo "2288"]
[BlackElo "1777"]
[PlyCount "51"]
[GameId "2160767905931558"]
[EventDate "2024.05.03"]
[EventType "team"]
[EventRounds "5"]
[EventCountry "CAN"]
[WhiteTeam "BC"]
[BlackTeam "AB"]

1. Nf3 Nf6 2. g3 g6 3. Bg2 Bg7 4. O-O O-O 5. c4 d6 6. Nc3 e5 7. d3 c6 8. Rb1 Re8 9. e4 Na6 10. b4 Nc7 11. Re1 d5 12. exd5 cxd5 13. Nxe5 dxc4 14. Nxc4 Rxe1+ 15. Qxe1 Qxd3 16. Bf1 Qd8 17. Bf4 Bg4 18. h3 Bf3 19. Qe3 Bc6 20. Rd1 Nfd5 21. Nxd5 Nxd5 22. Qb3 Qc7 23. b5 Bxb5 24. Ne5 Qc2 25. Qxd5 Bxf1 26. Qd8+ 1-0

[Event "British Columbia - Alberta m"]
[Site "Salmon Arm CAN"]
[Date "2024.05.04"]
[Round "2.3"]
[White "Malek, Omid"]
[Black "Kaufman, Raymond"]
[Result "1-0"]
[WhiteElo "2209"]
[BlackElo "2288"]
[PlyCount "75"]
[GameId "2160767905931561"]
[EventDate "2024.05.03"]
[EventType "team"]
[EventRounds "5"]
[EventCountry "CAN"]
[WhiteTeam "AB"]
[BlackTeam "BC"]

1. d4 Nf6 2. Bg5 d5 3. Nd2 c5 4. e3 Nc6 5. c3 e5 6. dxe5 Nxe5 7. Ngf3 Nc6 8. Bd3 h6 9. Bh4 Be7 10. Qc2 O-O 11. O-O Be6 12. Rfd1 Ng4 13. Bg3 Bf6 14. h3 Nge5 15. Nxe5 Bxe5 16. f4 Bc7 17. Nf3 f5 18. a3 Qf6 19. Bb5 Bf7 20. Nh4 g6 21. Nf3 a6 22. Bf1 Rfe8 23. c4 Rxe3 24. cxd5 Rxf3 25. gxf3 Nd4 26. Qc3 Bd6 27. Kh1 Bxd5 28. Bc4 Qf7 29. Bxd5 Qxd5 30. Bf2 Qe6 31. Bxd4 cxd4 32. Qxd4 Bc7 33. Qd5 Qxd5 34. Rxd5 Bxf4 35. Rad1 Bg5 36. Rd7 b5 37. R1d6 Rc8 38. Rxa6 1-0

[Event "British Columbia - Alberta m"]
[Site "Salmon Arm CAN"]
[Date "2024.05.05"]
[Round "4.4"]
[White "Kaufman, Raymond"]
[Black "Vasic, Maxim"]
[Result "1/2-1/2"]
[WhiteElo "2288"]
[BlackElo "2167"]
[PlyCount "66"]
[GameId "2160767905931570"]
[EventDate "2024.05.03"]
[EventType "team"]
[EventRounds "5"]
[EventCountry "CAN"]
[WhiteTeam "BC"]
[BlackTeam "AB"]

1. e4 e6 2. d4 d5 3. Nd2 Nf6 4. e5 Nfd7 5. f4 c5 6. c3 Nc6 7. Ndf3 Qb6 8. g3 f6 9. Bh3 cxd4 10. cxd4 Bb4+ 11. Kf1 O-O 12. Kg2 fxe5 13. fxe5 Ndxe5 14. dxe5 Nxe5 15. Qe2 Nxf3 16. Nxf3 e5 17. Bxc8 Raxc8 18. Be3 d4 19. Bf2 Rce8 20. Qe4 Qc6 21. Ng5 Rc8 22. Rac1 Qxe4+ 23. Nxe4 b5 24. a3 Be7 25. Rhe1 Rc4 26. Rxc4 bxc4 27. Nd2 c3 28. bxc3 dxc3 29. Nc4 Rc8 30. Re4 Bg5 31. Ne3 c2 32. Nxc2 Rxc2 33. Rxe5 Bf6 1/2-1/2

[Event "CAN-ch"]
[Site "Toronto CAN"]
[Date "2024.03.27"]
[Round "1.5"]
[White "Noritsyn, Nikolay"]
[Black "Kaufman, Raymond"]
[Result "1/2-1/2"]
[WhiteElo "2451"]
[BlackElo "2153"]
[PlyCount "82"]
[GameId "2160767906027132"]
[EventDate "2024.03.27"]
[EventType "swiss"]
[EventRounds "10"]
[EventCountry "CAN"]

1. e4 c5 2. Nf3 d6 3. d4 cxd4 4. Nxd4 Nf6 5. Nc3 a6 6. Bd3 g6 7. f4 Bg7 8. Nf3 Nc6 9. O-O O-O 10. Kh1 b5 11. Qe1 Bb7 12. f5 b4 13. Ne2 d5 14. e5 Ne4 15. e6 gxf5 16. Ng5 fxe6 17. Qh4 Nxg5 18. Bxg5 Qd7 19. Nf4 Rf7 20. Rae1 Ne5 21. Qg3 Kh8 22. Qh3 Rg8 23. Qh5 d4 24. Bh4 Rff8 25. Re2 Bf6 26. Bg3 Rg5 27. Qh3 Rfg8 28. Rfe1 Nxd3 29. cxd3 e5 30. Rxe5 Bxe5 31. Rxe5 Qc7 32. Re1 Qc6 33. Ne6 R5g6 34. Be5+ Rf6 35. Bxf6+ exf6 36. Nf4 Qc2 37. Rg1 Qf2 38. Qh6 Rxg2 39. Nxg2 Bxg2+ 40. Rxg2 Qf1+ 41. Rg1 Qf3+ 1/2-1/2

[Event "CAN-ch"]
[Site "Toronto CAN"]
[Date "2024.03.28"]
[Round "2.15"]
[White "Kaufman, Raymond"]
[Black "Stevens, Christian"]
[Result "0-1"]
[WhiteElo "2153"]
[BlackElo "2260"]
[PlyCount "73"]
[GameId "2160767906027171"]
[EventDate "2024.03.27"]
[EventType "swiss"]
[EventRounds "10"]
[EventCountry "CAN"]

1. d4 Nf6 2. c4 Nc6 3. Nf3 e6 4. a3 g6 5. Nc3 Bg7 6. e4 d6 7. h3 O-O 8. Bg5 h6 9. Be3 Re8 10. Qd2 e5 11. d5 Nd4 12. Rd1 Kh7 13. Be2 Nxe2 14. Qxe2 Nh5 15. g3 f5 16. exf5 Bxf5 17. g4 Nf4 18. Qd2 Bd3 19. Rg1 Bxc4 20. Qc2 Rf8 21. Rg3 Qe7 22. h4 Rae8 23. Qe4 Bd3 24. Qa4 Ba6 25. Qe4 Bd3 26. Qa4 e4 27. Nd4 Ba6 28. Bxf4 Rxf4 29. Ne6 Rf3 30. h5 Rxg3 31. hxg6+ Kg8 32. fxg3 e3 33. g5 Be5 34. Qg4 Rf8 35. Nxf8 Qxf8 36. Qe6+ Kg7 37. Rd4 0-1

[Event "CAN-ch"]
[Site "Toronto CAN"]
[Date "2024.03.28"]
[Round "3.23"]
[White "Yuen, Noah"]
[Black "Kaufman, Raymond"]
[Result "0-1"]
[WhiteElo "1914"]
[BlackElo "2153"]
[PlyCount "94"]
[GameId "2160767906027209"]
[EventDate "2024.03.27"]
[EventType "swiss"]
[EventRounds "10"]
[EventCountry "CAN"]

1. d4 Nf6 2. c4 e6 3. Nf3 c5 4. d5 d6 5. Nc3 exd5 6. cxd5 g6 7. Bf4 a6 8. a4 Bg7 9. h3 O-O 10. e3 Qe7 11. Be2 Ne4 12. Qb3 Nxc3 13. bxc3 Nd7 14. O-O Rb8 15. Rae1 Nf6 16. Bxa6 Bxh3 17. Bd3 Bg4 18. Nd2 Rbd8 19. e4 Nh5 20. Bh2 Bh6 21. f4 Qh4 22. Re3 Bc8 23. Ref3 f5 24. exf5 Bxf5 25. Bxf5 Rxf5 26. Qxb7 Bxf4 27. Rh3 Qf6 28. Bxf4 Rxf4 29. Rxf4 Qxf4 30. Nf1 Qxa4 31. Qe7 Qd7 32. Qg5 Rf8 33. Ne3 Nf4 34. Rf3 Ne2+ 35. Kf2 Nxc3 36. Rxf8+ Kxf8 37. Kg1 Qe7 38. Qf4+ Kg7 39. Kh1 Qe4 40. Qf2 Nxd5 41. Qb2+ Nf6 42. Nf1 d5 43. Qb7+ Kh6 44. Qc7 Qh4+ 45. Kg1 Qd4+ 46. Kh1 Qf2 47. Qh2+ Kg5 0-1

[Event "CAN-ch"]
[Site "Toronto CAN"]
[Date "2024.03.29"]
[Round "4.13"]
[White "Preotu, Razvan"]
[Black "Kaufman, Raymond"]
[Result "1-0"]
[WhiteElo "2467"]
[BlackElo "2153"]
[PlyCount "103"]
[GameId "2160767906027232"]
[EventDate "2024.03.27"]
[EventType "swiss"]
[EventRounds "10"]
[EventCountry "CAN"]

1. Nf3 d5 2. g3 c6 3. Bg2 Bf5 4. O-O Nd7 5. d3 Ngf6 6. c4 dxc4 7. dxc4 e5 8. Nh4 Be6 9. Qc2 g6 10. Nd2 Be7 11. b3 Qc7 12. Bb2 O-O 13. Bc3 a5 14. Qb2 Nh5 15. Nhf3 f6 16. Ne1 Nc5 17. Nd3 Nxd3 18. exd3 c5 19. Rfd1 Ng7 20. Nf1 Nf5 21. Ne3 Nxe3 22. fxe3 Rad8 23. Kh1 Rd7 24. d4 cxd4 25. exd4 exd4 26. Rxd4 Rxd4 27. Bxd4 Bd7 28. Bd5+ Kg7 29. Qe2 Bc6 30. Qe6 Bxd5+ 31. cxd5 Qd6 32. Re1 Qxe6 33. Rxe6 Kf7 34. Rb6 Rd8 35. Rb5 a4 36. bxa4 Rd7 37. Kg2 f5 38. Kf3 h5 39. h4 Bd6 40. Be3 Rc7 41. Rb6 Rd7 42. a5 Be5 43. Rb5 Bc3 44. Bf4 Be1 45. Ke2 Bc3 46. Kd3 Be1 47. Kc4 Bf2 48. d6 Be1 49. Kd5 Bc3 50. Rc5 Bb4 51. Rc7 Ke8 52. Ke6 1-0

[Event "CAN-ch"]
[Site "Toronto CAN"]
[Date "2024.03.30"]
[Round "5.22"]
[White "Kaufman, Raymond"]
[Black "Liu, Henry"]
[Result "1/2-1/2"]
[WhiteElo "2153"]
[BlackElo "1996"]
[PlyCount "78"]
[GameId "2160767906027271"]
[EventDate "2024.03.27"]
[EventType "swiss"]
[EventRounds "10"]
[EventCountry "CAN"]

1. e4 e6 2. d4 d5 3. Nd2 c5 4. Ngf3 cxd4 5. Nxd4 Nf6 6. exd5 Qxd5 7. Nb5 Na6 8. Nc3 Qe5+ 9. Be2 Bb4 10. O-O Bxc3 11. bxc3 O-O 12. Nc4 Qc7 13. Qd4 Nd5 14. Bd3 Nc5 15. Bg5 Nxd3 16. cxd3 b5 17. Na3 Qxc3 18. Nxb5 Qxd4 19. Nxd4 Ba6 20. Rfd1 Rfc8 21. Nb3 Rc2 22. d4 Nc3 23. Rd2 Rxd2 24. Bxd2 Ne2+ 25. Kh1 Bc4 26. Be3 Rb8 27. h3 Bxb3 28. axb3 Rxb3 29. Rxa7 h6 30. g4 Rd3 31. Ra4 Nc3 32. Ra3 Rd1+ 33. Kg2 Ne2 34. Ra4 Kh7 35. Kf3 Ng1+ 36. Kg2 Ne2 37. Kf3 Nc3 38. Ra7 Kg6 39. h4 Nd5 1/2-1/2

[Event "CAN-ch"]
[Site "Toronto CAN"]
[Date "2024.03.30"]
[Round "6.21"]
[White "Kaufman, Raymond"]
[Black "Kot, Emanuel"]
[Result "1/2-1/2"]
[WhiteElo "2153"]
[BlackElo "2035"]
[PlyCount "52"]
[GameId "2160767906027302"]
[EventDate "2024.03.27"]
[EventType "swiss"]
[EventRounds "10"]
[EventCountry "CAN"]

1. d4 Nf6 2. c4 g6 3. Nc3 Bg7 4. e4 d6 5. Be2 O-O 6. Nf3 e5 7. O-O Na6 8. Re1 c6 9. d5 cxd5 10. cxd5 Qc7 11. Bf1 Bd7 12. h3 Rfc8 13. Bg5 h6 14. Be3 Qb8 15. Nd2 b5 16. a4 Nc7 17. axb5 Nxb5 18. Nxb5 Bxb5 19. Bxb5 Qxb5 20. b3 a5 21. f3 Bf8 22. Nc4 Nd7 23. Qd2 Qxb3 24. Nxa5 Qc3 25. Nc6 Qxd2 26. Bxd2 f5 1/2-1/2

[Event "CAN-ch"]
[Site "Toronto CAN"]
[Date "2024.03.31"]
[Round "7.21"]
[White "Huang, Youhe"]
[Black "Kaufman, Raymond"]
[Result "0-1"]
[WhiteElo "1992"]
[BlackElo "2153"]
[PlyCount "78"]
[GameId "2160767906027333"]
[EventDate "2024.03.27"]
[EventType "swiss"]
[EventRounds "10"]
[EventCountry "CAN"]

1. d4 Nf6 2. c4 e6 3. Nf3 b6 4. a3 Bb7 5. Nc3 d5 6. cxd5 Nxd5 7. Qa4+ Qd7 8. Qc2 Nxc3 9. bxc3 Be7 10. e4 O-O 11. Bd3 c5 12. Be3 Rc8 13. Qe2 cxd4 14. cxd4 Qa4 15. O-O Ba6 16. Rfd1 Bxd3 17. Qxd3 Nd7 18. d5 exd5 19. exd5 Nc5 20. Qf5 Qe4 21. Qh3 Rd8 22. Rd4 Qc2 23. Rad1 Bf6 24. R4d2 Qg6 25. Ne1 Bc3 26. Re2 Ne4 27. f3 Nd6 28. Bd2 Bxd2 29. Rexd2 Rac8 30. Qh4 Re8 31. Qf2 Rc3 32. Rd3 Rxe1+ 33. Qxe1 Rxd3 34. Rc1 h5 35. Qe5 Rxf3 36. Qe7 Rd3 37. Qd8+ Kh7 38. Qh4 Rxd5 39. Qf4 Ne4 0-1

[Event "CAN-ch"]
[Site "Toronto CAN"]
[Date "2024.04.01"]
[Round "8.18"]
[White "Kaufman, Raymond"]
[Black "England, Max"]
[Result "1-0"]
[WhiteElo "2153"]
[BlackElo "2020"]
[PlyCount "91"]
[GameId "2160767906035553"]
[EventDate "2024.03.27"]
[EventType "swiss"]
[EventRounds "10"]
[EventCountry "CAN"]

1. e4 d6 2. d4 Nf6 3. Nc3 g6 4. f3 a6 5. Bg5 Bg7 6. Qd2 h6 7. Be3 b5 8. Nge2 Nbd7 9. O-O-O Nb6 10. Ng3 c6 11. Bd3 Qc7 12. e5 dxe5 13. dxe5 Nfd5 14. f4 Nxc3 15. Qxc3 Nd5 16. Qc5 Nxe3 17. Qxe3 Be6 18. Rhe1 Qa7 19. Be4 Qc7 20. f5 gxf5 21. Bxf5 h5 22. Kb1 Bh6 23. Qf3 Bd5 24. Be4 h4 25. Nf5 Rc8 26. Bxd5 cxd5 27. Nd6+ Kd7 28. Qf5+ Kc6 29. Nxc8 e6 30. Qf6 Qxc8 31. Qxf7 Qg8 32. Rf1 Be3 33. Qf3 Bc5 34. Qc3 d4 35. Rxd4 Qxg2 36. Rfd1 Kb6 37. Rd7 a5 38. a4 bxa4 39. R1d6+ Bxd6 40. Rxd6+ Kb7 41. Rd7+ Ka6 42. Qc4+ Kb6 43. Qc7+ Kb5 44. c4+ Kb4 45. Qb6+ Kxc4 46. Rd4# 1-0

[Event "British Columbia op"]
[Site "Burnaby CAN"]
[Date "2024.02.17"]
[Round "1.4"]
[White "Kaufman, Raymond"]
[Black "Zaruev, Timur"]
[Result "1-0"]
[WhiteElo "2302"]
[BlackElo "1865"]
[PlyCount "63"]
[GameId "2160767738102482"]
[EventDate "2024.02.17"]
[EventType "swiss"]
[EventRounds "6"]
[EventCountry "CAN"]

{[%evp 0,60,27,-1,-33,-51,-35,-31,-31,-31,-4,-9,-9,-1,18,15,36,24,44,35,59,52,42,40,57,84,125,125,130,136,147,171,154,137,137,147,204,174,244,234,234,240,276,249,247,251,266,203,268,222,332,351,368,371,365,381,386,392,396,397,402,406,427]} 1. c4 e5 2. g3 Nf6 3. Bg2 Bc5 4. Nc3 d6 5. e3 Bb6 6. Nge2 c6 7. d4 Qe7 8. b3 Bg4 9. h3 exd4 10. hxg4 dxc3 11. Nxc3 Na6 12. g5 Ba5 13. Bd2 Nd7 14. Ne4 d5 15. cxd5 cxd5 16. Nd6+ Qxd6 17. Bxa5 Nb4 18. O-O Nb6 19. Qd4 Nc6 20. Qxg7 O-O-O 21. Bxb6 axb6 22. Rfd1 Rhg8 23. Qxf7 Rxg5 24. Rd2 Rd7 25. Qf4 Qxf4 26. exf4 Rh5 27. Bf3 Rh6 28. Bg4 Rhd6 29. Kg2 Kc7 30. Bxd7 Kxd7 31. Rh1 h6 32. Kf3 {White won on move 37.} 1-0

[Event "British Columbia op"]
[Site "Burnaby CAN"]
[Date "2024.02.18"]
[Round "3.5"]
[White "Kaufman, Raymond"]
[Black "Mueller, Maximilian"]
[Result "1-0"]
[WhiteElo "2302"]
[BlackElo "1964"]
[PlyCount "95"]
[GameId "2160767738102488"]
[EventDate "2024.02.17"]
[EventType "swiss"]
[EventRounds "6"]
[EventCountry "CAN"]

1. e4 e5 2. Nf3 Nc6 3. Bb5 a6 4. Ba4 d6 5. c3 Bd7 6. d4 g6 7. O-O Bg7 8. Be3 b5 9. Bb3 Na5 10. dxe5 Nxb3 11. axb3 dxe5 12. Nbd2 Ne7 13. b4 O-O 14. Nb3 Be6 15. Nc5 Qc8 16. Nxe6 Qxe6 17. Ng5 Qc6 18. Bc5 Bf6 19. Nf3 Rfd8 20. Qc2 Nc8 {Black offered a draw.} 21. Rfd1 Rxd1+ 22. Rxd1 Nd6 23. Rd5 Re8 24. Bxd6 cxd6 25. Qd3 Be7 26. g3 Rc8 {Black offered a draw.} 27. Nd2 Qb6 28. Kg2 Rc7 29. Nf1 Qc6 30. Ne3 Kg7 31. f4 f6 32. Qd1 Ra7 33. f5 a5 34. bxa5 Rxa5 35. Qe2 Ra2 36. Rxb5 Qxe4+ 37. Qf3 Qxf3+ 38. Kxf3 Ra7 39. Ke4 Rc7 40. Nd5 Ra7 41. g4 h5 42. gxh5 gxh5 43. Rb8 Bf8 44. Nxf6 Kxf6 45. Rxf8+ Kg5 46. Rg8+ Kh4 47. f6 Kh3 48. Kf5 1-0

[Event "British Columbia op"]
[Site "Burnaby CAN"]
[Date "2024.02.18"]
[Round "4.3"]
[White "He, Matthew"]
[Black "Kaufman, Raymond"]
[Result "1-0"]
[WhiteElo "2078"]
[BlackElo "2302"]
[PlyCount "89"]
[GameId "2160767906064913"]
[EventDate "2024.02.17"]
[EventType "swiss"]
[EventRounds "6"]
[EventCountry "CAN"]

1. d4 Nf6 2. c4 e6 3. Nc3 Bb4 4. Qc2 b6 5. e4 c5 6. d5 Qe7 7. Nge2 exd5 8. exd5 d6 9. Bg5 Bxc3+ 10. Qxc3 Nbd7 11. O-O-O h6 12. Bh4 O-O 13. Ng3 Ne5 14. f4 Ng6 15. Re1 Qd8 16. Bxf6 Qxf6 17. Qxf6 gxf6 18. Ne4 Kg7 19. Nxd6 Bd7 20. g3 f5 21. h4 Kf6 22. h5 Ne7 23. Bd3 Rad8 24. Re5 Nc6 25. dxc6 Bxc6 26. Rxf5+ Kg7 27. Rxf7+ Rxf7 28. Nxf7 Rxd3 29. Ne5 Bxh1 30. Nxd3 Bf3 31. Kd2 Kf6 32. Ne5 Bxh5 33. Nc6 a5 34. Ke3 Bd1 35. Ke4 Ke6 36. f5+ Kf6 37. Kf4 Bc2 38. g4 Ba4 39. Na7 Bd7 40. Nb5 Bc6 41. Nc3 Kf7 42. Ne4 Ke7 43. Ke5 Ba8 44. Nf6 Kf7 45. Nd5 1-0

[Event "British Columbia op"]
[Site "Burnaby CAN"]
[Date "2024.02.19"]
[Round "5.5"]
[White "Kaufman, Raymond"]
[Black "Williamson, Jason"]
[Result "1/2-1/2"]
[WhiteElo "2302"]
[BlackElo "1962"]
[PlyCount "118"]
[GameId "2160767906064932"]
[EventDate "2024.02.17"]
[EventType "swiss"]
[EventRounds "6"]
[EventCountry "CAN"]

1. e4 c5 2. Nf3 Nc6 3. Bb5 Nf6 4. Qe2 e6 5. O-O Be7 6. c3 O-O 7. d4 a6 8. Bxc6 dxc6 9. dxc5 Bxc5 10. Bf4 b5 11. Rd1 Qb6 12. a4 Be7 13. Nbd2 Bd7 14. Ne5 Rfd8 15. Bg5 Be8 16. Ng4 bxa4 17. Nxf6+ Bxf6 18. Bxf6 gxf6 19. Qg4+ Kf8 20. Qh4 Qxb2 21. Qxf6 Rxd2 22. Qh6+ Ke7 23. Qxd2 Qxd2 24. Rxd2 c5 25. Rb1 Bb5 26. f3 Ra7 27. Kf2 Bc4 28. Rdb2 Bb3 29. Ke3 c4 30. e5 a3 31. Rd2 Rd7 32. Rd4 a2 33. Ra1 Rb7 34. g4 Rb5 35. f4 Ra5 36. Rd2 f6 37. exf6+ Kxf6 38. Ke4 h6 39. h4 Ke7 40. h5 Kf6 41. Rg2 Kg7 42. g5 Kh7 43. Ke3 Rd5 44. Rd2 hxg5 45. Rxd5 gxf4+ 46. Kxf4 exd5 47. Kg5 a5 48. h6 a4 49. Kh5 Kh8 50. Kg5 Kh7 51. Kf6 a3 52. Ke5 Kxh6 53. Kxd5 Kg5 54. Rf1 Bc2 55. Ra1 Bb3 56. Kc5 Kf4 57. Kb4 Ke3 58. Kxa3 Kd2 59. Kb2 Kd3 1/2-1/2

[Event "Banff op"]
[Site "Banff CAN"]
[Date "2023.11.10"]
[Round "1.5"]
[White "Kaufman, Raymond"]
[Black "Jin, Eric"]
[Result "1-0"]
[WhiteElo "2298"]
[BlackElo "1956"]
[PlyCount "67"]
[GameId "2160767906128242"]
[EventDate "2023.11.10"]
[EventType "swiss"]
[EventRounds "6"]
[EventCountry "CAN"]

1. Nf3 Nf6 2. c4 g6 3. Nc3 Bg7 4. e4 e5 5. Nxe5 O-O 6. Nf3 Re8 7. d3 d5 8. cxd5 Nxd5 9. Nxd5 Qxd5 10. Be2 Qd6 11. h3 c5 12. O-O Nc6 13. Be3 b6 14. Qd2 Nd4 15. Nxd4 Bxd4 16. f4 f6 17. Rae1 Be6 18. a3 a5 19. Kh1 Rad8 20. Bxd4 Qxd4 21. f5 Bf7 22. fxg6 Bxg6 23. Qc1 Kg7 24. Rf4 Re5 25. Ref1 Rf8 26. Rh4 Rg5 27. Rhf4 Re5 28. R1f3 Qd6 29. Rg3 f5 30. Rh4 fxe4 31. dxe4 Re6 32. Qh6+ Kf7 33. Rf3+ Ke8 34. Bb5+ 1-0

[Event "Banff op"]
[Site "Banff CAN"]
[Date "2023.11.10"]
[Round "2.4"]
[White "Wu, Jonathan"]
[Black "Kaufman, Raymond"]
[Result "0-1"]
[WhiteElo "2151"]
[BlackElo "2298"]
[PlyCount "43"]
[GameId "2160767906128266"]
[EventDate "2023.11.10"]
[EventType "swiss"]
[EventRounds "6"]
[EventCountry "CAN"]

1. e4 e5 2. Nf3 Nc6 3. Bb5 a6 4. Ba4 Nf6 5. O-O b5 6. Bb3 Bc5 7. c3 d6 8. d4 Bb6 9. h3 Bb7 10. Re1 O-O 11. Bg5 h6 12. Bh4 g5 13. Nxg5 hxg5 14. Bxg5 exd4 15. cxd4 Nxd4 16. Re3 Ne6 17. Rg3 Bxf2+ 18. Kxf2 Nxe4+ 19. Kg1 N6xg5 20. Qh5 Kg7 21. Nd2 Nxg3 22. Qg4 0-1

[Event "Banff op"]
[Site "Banff CAN"]
[Date "2023.11.11"]
[Round "3.1"]
[White "Kaufman, Raymond"]
[Black "Soberov, Emil"]
[Result "1/2-1/2"]
[WhiteElo "2298"]
[BlackElo "2369"]
[PlyCount "81"]
[GameId "2160767906128283"]
[EventDate "2023.11.10"]
[EventType "swiss"]
[EventRounds "6"]
[EventCountry "CAN"]

1. Nf3 d5 2. d4 Bf5 3. c4 dxc4 4. Nc3 Nf6 5. e3 c6 6. Bxc4 e6 7. O-O b5 8. Bd3 Bxd3 9. Qxd3 Nbd7 10. Rd1 Be7 11. e4 O-O 12. e5 Nd5 13. Nxd5 exd5 14. a4 a6 15. g3 Re8 16. h4 Nf8 17. Bg5 Ne6 18. Bxe7 Qxe7 19. axb5 axb5 20. Qc3 Qb7 21. b4 Rxa1 22. Rxa1 Ra8 23. Nd2 Ra4 24. Nb3 Qb6 25. Rc1 Ra3 26. Qb2 Ra4 27. Nc5 Nxc5 28. Rxc5 Qb7 29. Qc3 Ra6 30. Kg2 h6 31. Qc2 Qd7 32. h5 Qe6 33. Qc1 Kh7 34. Qc2+ Kg8 35. Rc3 Qg4 36. Rxc6 Rxc6 37. Qxc6 Qe4+ 38. Kh2 Qxd4 39. Qc8+ Kh7 40. Qf5+ Kg8 41. Qc8+ 1/2-1/2

[Event "Banff op"]
[Site "Banff CAN"]
[Date "2023.11.11"]
[Round "4"]
[White "Kaufman, Raymond"]
[Black "Piasetski, Leon"]
[Result "1-0"]
[WhiteElo "2146"]
[BlackElo "2176"]
[PlyCount "42"]
[GameId "2160767906132395"]
[EventDate "2023.11.10"]
[EventType "swiss"]
[EventRounds "6"]
[EventCountry "CAN"]
[SourceTitle "CBM 217 Extra"]
[Source "ChessBase"]
[SourceDate "2024.01.31"]
[SourceVersion "1"]
[SourceVersionDate "2024.01.31"]
[SourceQuality "1"]

1. e4 c5 2. Nf3 e6 3. d4 cxd4 4. Nxd4 a6 5. Bd3 Bc5 6. Nb3 Ba7 7. Qe2 d6 8. Nc3 Nf6 9. g4 h6 10. g5 hxg5 11. Bxg5 Nbd7 12. f4 Qb6 13. e5 Rh3 14. exf6 gxf6 15. Nd5 Qc6 16. Be4 fxg5 17. Nf6+ Nxf6 18. Bxc6+ bxc6 19. O-O-O Be3+ 20. Kb1 Bxf4 21. Qg2 Nh7 1-0

[Event "Banff op"]
[Site "Banff CAN"]
[Date "2023.11.12"]
[Round "5.1"]
[White "Jiang, Brian"]
[Black "Kaufman, Raymond"]
[Result "0-1"]
[WhiteElo "2233"]
[BlackElo "2298"]
[PlyCount "80"]
[GameId "2160767906132420"]
[EventDate "2023.11.10"]
[EventType "swiss"]
[EventRounds "6"]
[EventCountry "CAN"]

1. c4 e5 2. Nc3 Bb4 3. Nd5 a5 4. g3 c6 5. Nxb4 axb4 6. Bg2 d5 7. Qb3 Nf6 8. Qxb4 Na6 9. Qa3 dxc4 10. Qc3 O-O 11. Nf3 e4 12. Nd4 c5 13. Nc2 Be6 14. O-O Qd7 15. b3 Nb4 16. bxc4 Nxa2 17. Qb3 Nxc1 18. Raxc1 Qxd2 19. Qxb7 Bxc4 20. Ne3 Ba6 21. Qe7 Rfe8 22. Qxc5 Rac8 23. Qa3 Bxe2 24. Bh3 Ra8 25. Qb3 Bxf1 26. Rc7 Rf8 27. Bxf1 Rab8 28. Rb7 Rxb7 29. Qxb7 g6 30. Qe7 Qd4 31. Bc4 h5 32. h3 Kg7 33. Kg2 Qd7 34. Qe5 Re8 35. Qg5 Nh7 36. Qc5 Qe7 37. Qd4+ Qf6 38. Qd7 Rd8 39. Qb5 Qf3+ 40. Kg1 Rd2 0-1

[Event "Banff op"]
[Site "Banff CAN"]
[Date "2023.11.12"]
[Round "6.1"]
[White "Khodjimatov, Sherzod"]
[Black "Kaufman, Raymond"]
[Result "1/2-1/2"]
[WhiteElo "2321"]
[BlackElo "2298"]
[PlyCount "78"]
[GameId "2160767906132441"]
[EventDate "2023.11.10"]
[EventType "swiss"]
[EventRounds "6"]
[EventCountry "CAN"]

1. e4 e5 2. Nf3 Nc6 3. Bb5 a6 4. Ba4 Nf6 5. Nc3 b5 6. Bb3 Be7 7. d3 d6 8. a3 O-O 9. h3 Be6 10. Nd5 Bxd5 11. exd5 Nd4 12. Nxd4 exd4 13. c3 Nd7 14. cxd4 f5 15. Qf3 Bg5 16. O-O Bxc1 17. Raxc1 Rc8 18. Rfe1 Qh4 19. Qe3 Rce8 20. Qxe8 Rxe8 21. Rxe8+ Kf7 22. Re2 Nf6 23. Rxc7+ Kg6 24. Rc6 Qxd4 25. Rxd6 Qxd3 26. Re3 Qb1+ 27. Kh2 Qxb2 28. Rf3 Qe5+ 29. Rg3+ Kf7 30. Re6 Qf4 31. d6 Kf8 32. Bd1 Kf7 33. Re7+ Kf8 34. Bb3 Ng4+ 35. hxg4 Qh6+ 36. Kg1 Qc1+ 37. Kh2 Qh6+ 38. Kg1 Qc1+ 39. Kh2 Qh6+ 1/2-1/2

[Event "British Columbia-ch"]
[Site "North Vancouver CAN"]
[Date "2023.10.06"]
[Round "1.4"]
[White "Jiang, Kate"]
[Black "Kaufman, Raymond"]
[Result "0-1"]
[WhiteElo "2111"]
[BlackElo "2307"]
[PlyCount "80"]
[GameId "2160767907030182"]
[EventDate "2023.10.06"]
[EventType "tourn"]
[EventRounds "7"]
[EventCountry "CAN"]

1. e4 e5 2. Bc4 Nf6 3. d3 c6 4. Nf3 d5 5. Bb3 Bb4+ 6. Bd2 Bxd2+ 7. Nbxd2 Qc7 8. O-O O-O 9. Re1 a5 10. c3 Nbd7 11. Bc2 Re8 12. h3 dxe4 13. dxe4 Nf8 14. Nc4 Rd8 15. Qe2 Ng6 16. Rad1 Rxd1 17. Rxd1 h6 18. Qd2 Be6 19. Ne3 Qb6 20. b3 Qc5 21. c4 Qa3 22. Qc3 Nd7 23. Nf5 Qb4 24. Qb2 Qc5 25. Nd6 b5 26. cxb5 cxb5 27. Bb1 Nf4 28. Qc2 Qxc2 29. Bxc2 Ne2+ 30. Kf1 Nc3 31. Rd2 b4 32. Bd3 a4 33. bxa4 Rxa4 34. Bc4 Nc5 35. Nxe5 b3 36. Bxe6 fxe6 37. a3 Rxa3 38. f3 b2 39. Ndf7 b1=Q+ 40. Kf2 N3xe4+ 0-1

[Event "British Columbia-ch"]
[Site "North Vancouver CAN"]
[Date "2023.10.07"]
[Round "2.1"]
[White "Qu, Leo"]
[Black "Kaufman, Raymond"]
[Result "0-1"]
[WhiteElo "2230"]
[BlackElo "2307"]
[PlyCount "120"]
[GameId "2160767907030183"]
[EventDate "2023.10.06"]
[EventType "tourn"]
[EventRounds "7"]
[EventCountry "CAN"]

1. d4 Nf6 2. Nc3 d5 3. Bf4 c5 4. e4 Nxe4 5. Nxe4 dxe4 6. dxc5 Qxd1+ 7. Rxd1 Bd7 8. Bc4 e6 9. Be3 Nc6 10. f3 Nb4 11. Bb3 Rc8 12. fxe4 Bxc5 13. Bxc5 Rxc5 14. c3 Nc6 15. Nf3 Ke7 16. Kf2 Ne5 17. Nd4 a5 18. a3 Rhc8 19. h3 Nc4 20. Bxc4 Rxc4 21. e5 b5 22. Nb3 Rf4+ 23. Kg3 Rf5 24. Nxa5 Rxe5 25. Rd2 Rg5+ 26. Kf4 Rcc5 27. g4 Rgd5 28. Rhd1 Rxd2 29. Rxd2 f6 30. Nb3 Rc4+ 31. Ke3 e5 32. Rf2 h5 33. Nd2 Ra4 34. gxh5 Rh4 35. Nf3 Rxh5 36. h4 Bc6 37. Rg2 g5 38. Rg4 Bd7 39. Rb4 g4 40. Nd2 Rxh4 41. c4 Rh3+ 42. Ke2 g3 43. cxb5 Rh2+ 44. Ke3 g2 45. Nf3 Rh3 46. Kf2 Rxf3+ 47. Kxg2 Rd3 48. b6 Bc6+ 49. Kf2 Bb7 50. Rc4 Rd6 51. Rc7+ Rd7 52. Rc3 Ke6 53. a4 Rd2+ 54. Ke3 Rxb2 55. a5 f5 56. Rc7 Bd5 57. Rc8 f4+ 58. Kd3 Rb3+ 59. Kd2 Rb5 60. Re8+ Kf5 0-1

[Event "British Columbia-ch"]
[Site "North Vancouver CAN"]
[Date "2023.10.07"]
[Round "3.4"]
[White "Kaufman, Raymond"]
[Black "Liu, Zachary"]
[Result "1/2-1/2"]
[WhiteElo "2307"]
[BlackElo "2186"]
[PlyCount "58"]
[GameId "2160767907030190"]
[EventDate "2023.10.06"]
[EventType "tourn"]
[EventRounds "7"]
[EventCountry "CAN"]

1. e4 c5 2. Nf3 d6 3. d4 cxd4 4. Nxd4 Nf6 5. Nc3 g6 6. Be3 Bg7 7. f3 O-O 8. Qd2 Nc6 9. Bc4 Bd7 10. O-O-O Rc8 11. Bb3 Ne5 12. Kb1 Nc4 13. Bxc4 Rxc4 14. g4 Qc7 15. Nde2 Rc8 16. g5 Nh5 17. Nd5 Qd8 18. c3 Be6 19. Ng3 Bxd5 20. Qxd5 Qd7 21. Nxh5 gxh5 22. Rhg1 Qc6 23. Rg3 Rxc3 24. Qxc6 R3xc6 25. Rc1 Rxc1+ 26. Bxc1 e6 27. Rh3 d5 28. Rxh5 Rc4 29. exd5 exd5 1/2-1/2